| 000 | 00642nam a2200193 i 4500 | ||
|---|---|---|---|
| 001 | 171255 | ||
| 003 | ES-MaACL | ||
| 005 | 20250808062757.0 | ||
| 008 | 090507s1963 sp |||| | spa d | ||
| 017 | _aM 16308-1963 | ||
| 100 | 0 |
_aCabodevilla, José María. _933240 |
|
| 245 | 1 | 0 |
_aCristo vivo _b: vida de Cristo y vida cristiana / _cpor José María Cabodevilla. |
| 260 |
_aMadrid : _bLa Editorial Católica, _c1963. |
||
| 300 |
_aXX, 919 p. ; _c20 cm. |
||
| 490 | 1 |
_aBiblioteca de autores cristianos ; _v232 |
|
| 830 | 0 | 0 |
_aBiblioteca de autores cristianos _v232 _9178679 |
| 852 |
_aES-MaACL _jJ-227 _9R.46092 |
||
| 999 |
_c171255 _d171255 |
||